Statistiques concernant Culture Générale - Série 1855

Cliquez ici pour prendre le quiz!

Statistiques générales

  • Ce quiz a été pris 80 fois
  • Le résultat moyen est 3 sur 10

Statistiques - réponses

QuestionRéponse% Correct
Comment appelle-t-on la première partie de la Bible ?genèse
83%
Quelle est la devise monétaire du Brésil ?real
42%
Comment appelait-on Tokyo autrefois ?Edo
38%
Dans quel pays se trouve le lac "Onega" ?Russie
36%
Cela peut être une personne un peu sotte (gourde, cruche) ou une tarte en croûte garnie de diverses préparationstourte
29%
Comment appelle-t-on l'arête métallique d'un ski ?carre
23%
Dans le corps humain, comment appelle-t-on les deux artères du coeur qui prennent naissance à la base de l'aorte ?coronaires
23%
Dans la Bible, qui est la soeur de Rachel ?Léa
21%
Réapparition chez un descendant d'un caractère ancestral demeuré latent chez les parentsatavisme
19%
Comment appelle-t-on le petit coussin placé sur le dossier d'un fauteuil, d'un divan pour appuyer la tête ?têtière
14%

Distribution des résultats

Percentile par nombre de réponses

% des personnes avec chaque résultat

Votre développement - résultats

Vous n’avez pas pris ce quiz